=LDR 00000nam 2200000 4500 =001 INLIS000000000002428 =005 20130612090751 =008 ***********************************Ind** =035 ##$$0010-061300000002428 =041 ##$$a Ind =082 ##$$a 616.858 2 =090 ##$$a 616.858 2, Pro =245 ##$$a Problematik sexsual, petunjuk untuk petugas medis, Editor, William A.R.Thomson =260 ##$$a E $b London =300 ##$$a 112 hlm, ilus, 21 cm =650 ##$$a Penyakit Sexual =700 ##$$a Thomson, William A.R =850 ##$$a NBPNMAT